A szellemi tulajdon jelentősége a fúziók és felvásárlások során az Egyesült Államok jogrendszerében

Elmentve itt :
Bibliográfiai részletek
Szerző: Czúcz Dénes
További közreműködők: Bérczi Imre (Témavezető)
Dokumentumtípus: Szakdolgozat
Megjelent: 2009
Tárgyszavak:
Law
Online Access:http://diploma.bibl.u-szeged.hu/130081
LEADER 00813nta a2200205 i 4500
001 dipl130081
005 20220927090236.0
008 220926s2009 hu om 0|| hun d
040 |a SZTE Diploma Repozitórium  |b hun 
041 |a hun 
100 1 |a Czúcz Dénes 
245 1 2 |a A szellemi tulajdon jelentősége a fúziók és felvásárlások során az Egyesült Államok jogrendszerében  |h [elektronikus dokumentum] /  |c Dénes Czúcz 
246 1 0 |a Intellectual property in mergers & acquisitions in the US  |h [elektronikus dokumentum] 
260 |c 2009 
650 4 |a Jogi és igazgatási tanulmányok 
650 4 |a Social sciences 
650 4 |a Law 
650 4 |a Law, criminology, penology 
700 1 |a Bérczi Imre  |e ths 
856 4 0 |u https://diploma.bibl.u-szeged.hu/id/eprint/130081/1/2009_czucz_denes.pdf  |z Dokumentum-elérés